| 000 | 00671nam a22001577a 4500 | ||
|---|---|---|---|
| 003 | OSt | ||
| 005 | 20151027145712.0 | ||
| 008 | 151027b xxu||||| |||| 00| 0 eng d | ||
| 040 | _cRUA | ||
| 082 | _aVTF MEO 2004 B114 Or.1 | ||
| 100 |
_92964 _aMONG, SOTHEA. |
||
| 245 | _aepidemiology of cattle heamorrhagic septicemia at prek anchanh commune, mukampoul district, kandal province (ការរាតត្បាតនៃជំងឺសាទឹកគោ នៅឃុំព្រែកអញ្ចាញ ស្រុកមុខកំពូល ខេត្តកណ្តាល) | ||
| 260 |
_aPhnom Penh _bRUA _c2004 |
||
| 300 |
_aiii, 43p. _bill. _c29cm. |
||
| 942 |
_2ddc _cVTF` |
||
| 999 |
_c2778 _d2778 |
||